1935 1507 1195 1869 1121 1773 1072 1980 1052 1071 1197 1413 1768 1273 1444 1663 1306 1166 1809 1884 1581 1375 1024 1055 1054 1573 1167 1158 1279 1826 1090 1101 1658 1898 1303 1397 1437 1538 1126 1538 1721 1434 1097 1823 1023 1100 1136 1509 1470 1261 1188 1656 1430 1086 1787 1738 1736 1395 1764 1210 1866 1900 1512 1797 1816 1754 1716 1629 1604 1703 1340 1899 1612 1909 1511 1162 1429 1380 1471 1923 1233 1291 1086 1095 1636 1080 1238 1051 1272 1226 1079 1160 1450 1450 1717 1208 1049 1900 1419 BCNSPRNW ULIB Ver.6.0+V

เปลี่ยนเป็นภาษาไทย

Change to English
 แสดงรายละเอียดบรรณานุกรม
  กลับหน้าหลัก

Brief Record : Get Marc (ISO 2709) : E-mail record : QR code < ปิดหน้าต่าง
LEADER : 00000nam 2200000uu 4500
001    13399128058
003     ULIB
008    220202s2563||||th 000 0 tha d
020 ^- ^a9786168199619
050 0^ aนว.^bศ747ล
100 0^ aศิริพารา
245 10 ^aเลศบงการรัก /^cศิริพารา
260 ^- ^aนนทบุรี :^bดีต่อใจ,^c2563
300 ^- ^a488 หน้า
490 0^ aStill loving you
650 ^7 ^aนวนิยาย
945    ^p350^l0^i29203
999    ^aกัณชพร จุลอักษร
รายการนี้ยังไม่มีแท็ก
คุณยังไม่ได้ล็อกอิน คุณสามารถมีกิจกรรมร่วมกับเว็บไซต์ได้ แต่ต้องล็อกอินก่อน ::
  ล็อกอิน

รายการสื่อสารสนเทศ

ลำดับที่ ประเภท เลขเรียก/บาร์โค้ด สถานที่ สถานะ
1. วิทยาศาสตร์การแพทย์ และสุขภาพ
วิทยาศาสตร์การแพทย์ และสุขภาพ
aนว. ศ747ล ฉ.1 
  Barcode: 29203
ห้องสมุดวิทยาเขตนครสวรรค์
►นวนิยาย:l:Fiction
บนชั้น

รายการใกล้เคียง
    หัวเรื่อง [นวนิยาย]

BibComment


ยังไม่เคยถูกคอมเมนท์

คอมเมนท์ทรัพยากรรายการนี้
  คอมเมนท์: เลศบงการรัก ศิร..


 Copyright 2026. Bcnsprnw @Library